MARC

LEADER 00000nam0a2200000 4500
001 276833
005 20231101234946.0
035 |a (RuTPU)RU\TPU\book\300106 
090 |a 276833 
100 |a 20141126d1984 km y0rusy50 ca 
101 0 |a rus 
102 |a RU 
105 |a a z 001zy 
200 1 |a Вибрационное излучение сейсмических волн  |f И. С. Чичинин 
210 |a Москва  |c Недра  |d 1984 
215 |a 224 с.  |c ил. 
320 |a Библиогр.: с. 221-222. 
606 1 |a Сейсмические волны  |2 stltpush  |3 (RuTPU)RU\TPU\subj\54347  |9 72504 
610 1 |a формулы 
610 1 |a сферические источники 
610 1 |a пульсаторы 
610 1 |a спектры Фурье 
610 1 |a волна Релея 
610 1 |a интегралы Фурье-Бесселя 
610 1 |a вибрационные источники 
610 1 |a излучение 
610 1 |a мощность 
610 1 |a схемы 
675 |a 550.344  |v 3 
700 1 |a Чичинин  |b И. С.  |g Иннокентий Сафьянович 
801 1 |a RU  |b 63413507  |c 20141126 
801 2 |a RU  |b 63413507  |c 20150622  |g RCR 
942 |c BK